Malý synonymický slovník /

Gespeichert in:
Bibliographische Detailangaben
Hauptverfasser: Pisárčiková, Mária (Verfasst von), Michalus, Štefan (Verfasst von)
Format: Buch
Sprache:Slowakisch
Veröffentlicht: Bratislava : Slovenské pedagogické nakladateľstvo, 1983
Ausgabe:3.vyd.
Tags: Tag hinzufügen
Keine Tags, Fügen Sie das erste Tag hinzu!

MARC

LEADER 00000nam a22000003a 4500
001 stu9532
005 20150617225805.0
008 970421s1983----cs------------------slo-d
040 |a STU  |b slo 
041 0 |a slo 
044 |a cs 
080 |a 801.314=854 
100 1 |a Pisárčiková, Mária  |4 aut 
245 1 |a Malý synonymický slovník /  |c [aut.] Pisárčiková,Mária; Michalus,řtefan 
250 |a 3.vyd. 
260 |a Bratislava :  |b Slovenské pedagogické nakladateľstvo,  |c 1983 
300 |a 214 s 
700 1 |a Michalus, Štefan  |4 aut 
996 |b 284EK06776  |c E*58869  |l EE01  |s A  |a 24  |w stu9532_0001